Леся Українка. Сюжети з життя в ілюстраціях і документах (Запис № 315061)

МАРК-запис
000 -Лідер
fixed length control field 00812nam a22002657a 4500
001 - Контрольний номер
control field 28691
003 - Ідентифікатор контрольного номера
control field UA-OsUOA
005 - Дата та час останнього входження (трансакції)
control field 20220403191413.0
007 - Фіксоване поле фізичного опису
fixed length control field ta
008 - Елементи даних фіксованої довжини – загальна інформація
fixed length control field 20050420b un ||||| |||| 00| 0 ukr d
020 ## - Міжнародний стандартний книжковий номер (ISBN)
Міжнародний стандартний книжковий номер (ISBN) (НП) 9665121316
040 ## - Джерело каталогізації
Агенція оригінальної каталогізації UA-OsUOA
Мова каталогізації ukr
Агенція, яка здійснювала перезапис UA-OsUOA
Агенція, яка здійснювала модифікацію UA-OsUOA
041 ## - Код мови
Код мови тексту/ звукової доріжки чи окремого заголовка (П) ukr
044 ## - Код країни видавця/ виробника
Код країни видавця/ виробника (П) UA
080 ## - Індекс Універсальної десяткової класифікації
Індекс Універсальної десяткової класифікації (УДК) (НП) 929.52
090 ## - Локальний шифр розміщення
Класифікаційний індекс УДК 929.52
Авторський знак (НП) Л51
245 ## - Відомості про назву
Назва (НП) Леся Українка. Сюжети з життя в ілюстраціях і документах
Дані про відповідальність (НП) упоряд. : Н. Чіп, І. Веремєєва
260 ## - Публікація, розповсюдження і т.п. (Вихідні дані)
Місце публікації, розповсюдження і т.п. (П) К.
Ім’я/ наймення видавництва, розповсюджувача і т.п. (П) Спалах
Дата публікації, розповсюдження і т.п. (П) 2001
300 ## - Фізичний опис
Обсяг 167 с.
Інші фізичні характеристики (НП) іл.
650 #7 - Додаткове предметне введення – тематичний термін
Джерело заголовка чи терміна UDC
Хронологічний підрозділ 929 Біографічні дослідження
700 1# - Додаткове введення – ім'я особи
Ім’я особи (НП) Чіп. Н.
Термін відношення упоряд.
700 1# - Додаткове введення – ім'я особи
Ім’я особи (НП) Веремєєва І.
Термін відношення упоряд.
942 ## - Додаткові елементи входу (Коха)
Тип елемента Koha Книги
Source of classification or shelving scheme Universal Decimal Classification
955 ## - Код типу видання за змістом
Код типу видання за змістом (НП) Навчальні видання
Фонди
Стан вилучень Стан втрат Джерело класифікації або схеми стелажів Стан уражень Не для кредиту Постійне місце розташування Поточне розміщення Дата придбання Інвентарний номер Усього замовленно Повний номер виклику Штрих-код Дата останнього перегляду Ціна ефективна від Тип елемента Koha
    Universal Decimal Classification     ЧЗ - Читальна зала ЧЗ - Читальна зала 20/04/2005 84720   929.52 Л51 84720 07/02/2022 20/04/2005 Книги
    Universal Decimal Classification     ЧЗ - Читальна зала ЧЗ - Читальна зала 20/04/2005 84721   929.52 Л51 84721 07/02/2022 20/04/2005 Книги